Seven Summits Quiz Stats

 Plays Quiz Updated Nov 6, 2018

Support Sporcle.
Go Orange.
Score 0/7 Timer 03:00
11 Plays Today
% Correct
Everest
98.2%
Kilimanjaro
80.1%
Denali
70.6%
Elbrus
32.9%
Aconcagua
29.9%
Vinson Massif
19.2%
Puncak Jaya
12.8%

You're not logged in!

Compare scores with friends on all Sporcle quizzes.
OR
Log In
Forgot?

From the Vault

Begins and Ends with 'S'

by GrassMasters420

Here is hoping that this stimulates success, or at least isn't overly salacious.
Remove Ads.
Support Sporcle.
Get the best of Sporcle when you Go Orange. This ad-free experience offers more features, more stats, and more fun while also helping to support Sporcle. Thank you for becoming a member.

Show Comments

Extras

Top Quizzes Today


Score Distribution

Your Account Isn't Verified!

In order to create a playlist on Sporcle, you need to verify the email address you used during registration. Go to your Sporcle Settings to finish the process.

Report this User

Report this user for behavior that violates our Community Guidelines.

Details: